Bienvenue à la Médiathèque de Saint-Andiol
banniere
Accueil Recherche avancée Mon compte
handi1 Rechercher dans le catalogue

Filtre   Mots-clés
  Recherche avancée
 
Lister les dernières nouveautés
 
Lister les livres GROS CARACTERES
 
Lister les périodiques (magazines)

handi1 grand méchant bois (Le)

<< Retourner aux résultats de la recherche
Book Cover
Auteur principal : Algy Craig Hall
Autres auteurs : Ali Pye
Autres auteurs : Rémi Stefani
Titre : grand méchant bois (Le)
Support : Livres
Langue : Francais
Publié : 2014 Casterman Tournai (Belgique)
Genre : Album
Collection : Les albums Casterman
Sujets :
Étiquettes :
Pas de tags
LEADER 01175nam0a2200253 450
001 16868187
010 |a 978-2-203-08506-0  |b cart.  |d 13,95 € 
100 |a 20140410d2014 u u0frey01 ba 
101 1 |a fre  |c fre 
102 |a BE 
200 0 |a grand méchant bois (Le)  |f Algy Craig Hall, Ali Pye  |g traduit de l'anglais par Rémi Stefani 
207 1 |a   
210 |a Tournai (Belgique)  |b 28 Rue des Soeurs Noires.  |c Casterman  |d 2014 
215 |a 1 vol. (32 p.)  |c illustrations en couleur  |d 25 x 28 cm 
225 1 |a Les albums Casterman 
330 |a Une petite fille doit traverser le grand méchant bois pour aller chez son amie. Le loup la protège de toutes les méchantes créatures qui rôdent car il souhaite, au bout du compte, les manger toutes les deux. Mais le loup déchante quand il découvre l'identité de l'amie de la petite fille... 
500 0 0 |a Le Petit chaperon rouge 
606 0 |a Contes détournés  |x Albums jeunesse 
700 0 |a Hall  |b Algy Craig  |4 70 
701 0 |a Pye  |b Ali  |4 440 
702 0 |a Stefani  |b Rémi  |4 730 
900 |a Album 
901 |a Jeunesse 
995 |a Médiathèque  |c Médiathèque  |f 00156007516354  |h 00156007516354  |k A HAL  |o p  |q j  |r az  |e Médiathèque